| 000 | 00869nam a2200241Ia 4500 | ||
|---|---|---|---|
| 003 | OSt | ||
| 005 | 20221005105054.0 | ||
| 006 | a|||||r|||| 00| 0 | ||
| 007 | ta | ||
| 008 | 221004b |||||||| |||| 00| 0 hin d | ||
| 024 | _a29863 | ||
| 037 | _cTextual | ||
| 040 |
_aCRL _cCRL _bhin |
||
| 041 |
_2hin _ahin |
||
| 082 | _aX:77.2, M9 | ||
| 100 | _aदेसाई, ए. आर. | ||
| 245 | 0 |
_aभारत का विकास मार्ग _b मार्क्सवादी दृष्टि |
|
| 246 | _aBhārat kā vikās mārga: mārksavādī dṛuṣhṭi | ||
| 260 |
_aदिल्ली _bहिंदी माध्यम कार्यान्वय निदेशालय भारत _c1989 |
||
| 300 |
_a275पृ. _ccm. |
||
| 942 |
_hX:77.2, M9 _cTEXL _2cc |
||
| 999 |
_c1014666 _d1014666 |
||